| 000 | 00798nam a2200229 i 4500 | ||
|---|---|---|---|
| 001 | 26937 | ||
| 003 | ES-MaACL | ||
| 005 | 20240521101945.0 | ||
| 007 | t| | ||
| 008 | 030113s1965 sp |||| | spa d | ||
| 100 | 1 |
_aAsensio, Eugenio. _923580 |
|
| 245 | 1 | 0 |
_aItinerario del entremés _b: desde Lope de Rueda a Quiñones de Benavente / _cEugenio Asensio ; con cinco entremeses inéditos de Francisco de Quevedo. |
| 260 |
_aMadrid : _bGredos, _c[1965] |
||
| 300 |
_a374 p. ; _c21 cm. |
||
| 490 | 1 | _aBiblioteca románica hispánica | |
| 650 | 4 |
_aEntremeses- _xHistoria y crítica. _9158549 |
|
| 650 | 4 |
_aEntremeses. _9135998 |
|
| 700 | 1 |
_aQuevedo, Francisco de, _d1580-1645 _994591 |
|
| 830 | 0 |
_aBiblioteca románica hispánica _9180746 |
|
| 852 |
_aES-MaACL _jC-27017 |
||
| 999 |
_c26937 _d26937 |
||